| 000 | 00528nam a2200181Ia 4500 | ||
|---|---|---|---|
| 003 | OSt | ||
| 005 | 20200908132604.0 | ||
| 008 | 190216s9999||||xx |||||||||||||| ||und|| | ||
| 020 | _a9788120309906 | ||
| 040 | _coclc | ||
| 082 |
_a539.7 _bWON/I |
||
| 100 |
_aWong, Samuel S M _94494 |
||
| 245 | 0 |
_aIntroductory Nuclear Physics / _cSamuel S M Wong |
|
| 260 |
_bPrentice Hall Of India Pvt Ltd, _c2002. _aNew Delhi: |
||
| 300 | _a486p | ||
| 650 | _aPhysics | ||
| 942 |
_cBK _2ddc _h539.7 _iWON/I _k539.7 _mWON/I |
||
| 999 |
_c34131 _d34131 |
||